| 000 | 00468nam a2200181Ia 4500 | ||
|---|---|---|---|
| 008 | 170705s9999 xx 000 0 und d | ||
| 020 | _a9780545382731 | ||
| 245 | _aBuddy to the rescue / | ||
| 245 | _cLynn Maslen Kertell ; illustrated by Sue Hendra. | ||
| 260 | _aNew York : | ||
| 260 | _bScholastic, | ||
| 260 | _c2012 | ||
| 300 | _a32 pages : | ||
| 300 | _bcolor illustration ; | ||
| 300 | _c23cm. | ||
| 440 | _aScholastic reader level 1. | ||
| 500 | _a230 | ||
| 999 |
_c336826 _d336826 |
||